[Event "Champions Showdown Kings Rapid 2019-E"]
[Site "Saint Louis"]
[Date "2019.02.20"]
[Round "1.5"]
[White "Rapport, Richard"]
[Black "Shankland, Samuel"]
[Result "1-0"]
[WhiteElo "2735"]
[BlackElo "2731"]
[Annotator "TA"]
[PlyCount "85"]
[EventDate "2019.02.09"]
[EventType "match (rapid)"]
[EventCountry "USA"]
[SourceTitle "playchess.com"]
[Source "ChessBase"]
[SourceQuality "1"]

{[%evp 14,85,12,7,6,0,0,0,0,0,5,-23,22,4,54,53,67,66,64,47,63,17,20,3,28,26,22,0,0,0,37,48,43,45,40,50,76,64,105,35,25,52,62,60,60,59,50,25,25,24,25,23,39,36,46,51,182,172,463,454,459,466,452,467,467,465,445,430,530,529,480,432,760,667]} 1. d4 {Borwell} d5 2. c4 e6 3. Nc3 c6 4. cxd5 exd5 5. Qc2 Bd6 6. Nf3 Ne7 7. Bg5 f6 8. Bd2 {LiveBook: 8 Games. D31: Queen's Gambit Declined: Semi-Slav without ...Nf6 (+ Marshall Gambit and Noteboom) and Exchange Variation lines without ...Nf6} Na6 9. a3 (9. e4 Nb4 10. Qb3 a5 11. a3 a4 12. Qd1 dxe4 13. Nxe4 Nbd5 14. Bc4 Be6 15. O-O O-O {½-½ (34) Ivanchuk,V (2728)-Kramnik,V (2803) Tbilisi 2017}) 9... Nc7 10. e4 {The position is equal.} dxe4 11. Nxe4 Bg4 $146 ({Predecessor:} 11... Ncd5 12. g3 Bf5 13. Nh4 Be6 14. f4 g6 15. Bd3 Bf7 {½-½ (35) Borwell,A-Giulian,P Scotland 1990 Corr Nr. 1 [Borwell]}) 12. Qb3 b6 13. Bc4 Ned5 14. O-O Be7 15. h3 Be6 16. Qc2 Qd7 $1 17. Rac1 {Threatening Bd3.} O-O-O $1 18. Rfe1 Kb7 19. b4 Rhe8 20. Qb3 b5 21. Bf1 Nb6 (21... Nxb4 $5 {[%cal Re6b3]} 22. Qb2 Nbd5 $11) 22. Qc2 Bd5 23. Bf4 $36 {[%mdl 2048] White has some pressure.} Ne6 24. Bg3 Na4 25. Rcd1 Qc8 26. Ned2 ({White should play} 26. Nc5+ $1 $16 Naxc5 27. dxc5) 26... g6 $1 $14 27. Nb3 Bd6 28. Bxd6 Rxd6 29. Nfd2 f5 30. Nc4 Bxc4 ({Much weaker is} 30... bxc4 31. Na5+ Ka8 32. Qxa4 $16) 31. Na5+ $1 Kb8 {Threatens to win with ...Bxf1.} 32. Nxc4 bxc4 33. Qxa4 Nxd4 34. Bxc4 f4 {[#]} (34... Red8 $14) 35. b5 $1 $18 {[%cal Bb4b5,Bb5b6][%mdl 32] Black must now prevent Rxe8.} c5 $2 {[#]} (35... Rxe1+ 36. Rxe1 f3) 36. b6 $1 {[%csl Gb6][%cal Ra4a7][%mdl 512] White is clearly winning.} Rxe1+ (36... axb6 37. Rxe8) 37. Rxe1 {[%csl Gb6][%cal Ra4a7]} axb6 ({Stronger than} 37... Rxb6 38. Re8) 38. Re8 ({Weaker is} 38. Re7 Nc6 $18) 38... Rd8 39. Re7 {[%csl Ge7][%cal Ra4a7]} Nc6 40. Re6 Na5 41. Rxb6+ Nb7 42. Be2 Qc7 (42... Rd6 $142) 43. Qa6 {Precision: White = 65%, Black = 59%.} 1-0

[Event "Champions Showdown Kings Rapid 2019-E"]
[Site "Saint Louis"]
[Date "2019.02.20"]
[Round "2.5"]
[White "Shankland, Samuel"]
[Black "Rapport, Richard"]
[Result "0-1"]
[WhiteElo "2731"]
[BlackElo "2735"]
[Annotator "TA"]
[PlyCount "124"]
[EventDate "2019.02.09"]
[EventType "match (rapid)"]
[EventCountry "USA"]
[SourceTitle "playchess.com"]
[Source "ChessBase"]
[SourceQuality "1"]

{[%evp 14,124,45,27,42,34,40,35,29,28,19,22,46,45,35,39,65,24,24,23,36,36,36,31,66,22,22,17,23,20,17,15,26,0,12,16,24,12,17,5,14,4,7,7,22,25,23,29,23,25,28,29,47,21,11,12,42,0,0,0,0,0,0,0,0,0,0,0,0,0,0,0,0,0,0,0,0,0,0,0,0,0,0,0,7,7,7,7,12,12,17,0,0,0,52,0,0,0,0,-8,-8,-12836,-516,-29980,-29981,-29982,-29983,-29985,-29986,-29986,-29987,-29987,-29982]} 1. e4 d6 2. d4 Nf6 3. Nc3 e5 4. Nf3 Nbd7 5. Bc4 Be7 6. a4 O-O 7. O-O c6 8. a5 h6 {C41: Philidor Defence} (8... Qc7 9. Re1 h6 10. h3 Re8 11. Be3 Nf8 12. Bb3 Be6 13. Ba4 Red8 14. Qd3 Ng6 15. b4 d5 16. exd5 Nxd5 17. Nxd5 Bxd5 {1-0 (30) Guseinov,G (2664)-Maslak,K (2555) St Petersburg 2018}) 9. h3 exd4 10. Nxd4 Nc5 $146 {White is slightly better.} ({Predecessor:} 10... Ne5 11. Bb3 Re8 12. a6 Bf8 13. axb7 Bxb7 14. Nf5 Bc8 15. Ng3 Be6 16. Bxe6 fxe6 {½-½ (103) Kunin,V (2531)-Jovanovic,Z (2534) Balatonszarszo 2017}) 11. Qf3 Ncxe4 12. Nxe4 {[#] aiming for Bd3.} Nxe4 13. Qxe4 {Black must now prevent Bd3.} d5 14. Bxd5 Qxd5 15. Qxd5 (15. Qxe7 {looks sharper.} Qxd4 16. Re1 Bf5 17. c3 Qc4 18. Qxb7 Rfb8 19. Qe7) 15... cxd5 16. Rd1 a6 17. c3 Bd7 18. Be3 Rac8 19. Rd2 Rfe8 20. Ne2 Bc6 21. Nf4 Rcd8 22. Rad1 {[%cal Rf4d5]} Ba4 23. Re1 Bc6 24. g3 Bf6 25. Red1 {[%cal Rf4d5]} Ba4 26. Ra1 Bc6 27. Bb6 Rd7 28. Ng2 Re4 29. f3 Re8 30. Kf2 Bg5 31. Be3 Bd8 32. h4 Kh7 33. Nf4 Bc7 34. Ne2 Bb5 {Threatens to win with ...Rde7.} (34... Bd6 {keeps more tension.} 35. Bb6 h5 36. Nd4 f6 37. Rh1 Kg6) 35. Bf4 (35. Nd4 {with more complications.} Bc6 36. Nxc6 bxc6 37. Bc5 g5 38. h5) 35... Rxe2+ 36. Rxe2 Bxf4 37. gxf4 {And now Rd2 would win.} Bxe2 38. Kxe2 $11 {[%mdl 4096] Endgame KR-KR} d4 39. c4 Kg6 40. Rg1+ Kf5 41. Rxg7 d3+ $1 42. Kd2 Kxf4 43. Rh7 Kxf3 44. Rxh6 f5 45. Rg6 Rd4 46. h5 Rxc4 47. h6 Ke4 48. Re6+ Kd5 49. h7 Rh4 $132 {[%mdl 2048] Black is not holding back} 50. Re7 Kd4 51. Rd7+ Ke4 52. Re7+ Kd4 53. Rd7+ (53. Rxb7 $11 Rh2+ 54. Kd1) 53... Ke4 $14 54. Rxb7 (54. Kc3 $14 f4 55. Rxb7) 54... Rh2+ $11 55. Kd1 f4 56. b4 f3 {Strongly threatening ...f2.} 57. b5 $2 {[%mdl 8192]} (57. Re7+ $11 Kd4 58. Rf7) 57... axb5 (57... f2 $142 {[%cal Rf2f1]} 58. Rf7 Ke3 59. Re7+ Kd4) 58. a6 (58. Rf7 $19 f2 59. Rxf2 Rxh7 60. Rf8) 58... f2 {[%cal Rf2f1] Black mates.} 59. Re7+ Kd4 60. Rf7 {[#]} Rxh7 $1 {[%mdl 512]} 61. Rxf2 (61. Rxh7 f1=Q+) 61... Kc3 62. Rf1 Rh6 {Accuracy: White = 58%, Black = 58%.} 0-1

[Event "Champions Showdown Kings Rapid 2019-E"]
[Site "Saint Louis"]
[Date "2019.02.20"]
[Round "3.5"]
[White "Rapport, Richard"]
[Black "Shankland, Samuel"]
[Result "1-0"]
[WhiteElo "2735"]
[BlackElo "2731"]
[Annotator "TA"]
[PlyCount "141"]
[EventDate "2019.02.09"]
[EventType "match (rapid)"]
[EventCountry "USA"]
[SourceTitle "playchess.com"]
[Source "ChessBase"]
[SourceQuality "1"]

{[%evp 17,141,14,17,9,15,17,10,10,16,21,20,11,15,25,10,0,68,79,151,46,47,48,53,66,113,100,93,93,95,95,93,93,93,93,93,70,70,70,130,76,108,95,125,125,125,95,95,96,96,96,123,123,123,123,133,133,162,162,325,131,116,116,110,0,325,318,310,309,303,193,193,193,283,278,270,268,243,181,257,173,173,173,173,173,173,119,173,181,286,282,279,271,268,219,327,283,268,268,8889,864,1196,228,29979,29980,29983,29982,29983,29969,29976,29966,29987,29985,29985,29986,29986,29985,29985,29986,29986,29986,29986,29987,29991,29992,29992,29993]} 1. d4 Nf6 2. Bg5 d5 3. e3 Nbd7 4. Nf3 h6 5. Bh4 e6 6. c4 Be7 7. Nc3 O-O 8. Rc1 c6 9. a3 a6 10. cxd5 {D63: Queen's Gambit Declined: Classical: 7 Rc1} (10. c5 e5 11. Nxe5 Nxe5 12. dxe5 Nd7 13. Bxe7 Qxe7 14. Qd4 Nxe5 15. Be2 Qg5 16. g3 Qe7 17. O-O Bh3 {1-0 (71) Shankland,S (2671)-Zherebukh,Y (2640) Saint Louis 2018}) 10... cxd5 11. Bd3 b5 12. O-O {The position is equal.} Bb7 13. Nd2 Nb6 14. Qe2 $146 ({Predecessor:} 14. Bb1 Qd7 15. f4 Rfc8 16. f5 Nc4 17. Nxc4 Rxc4 {1-0 (27) Kotov,A-Rabinovich,P Moscow 1935}) 14... Nc4 15. Nb3 Rc8 16. a4 b4 (16... Nd7 $11 17. Bxe7 Qxe7) 17. Bxf6 $14 gxf6 {[#]} ({Black should play} 17... Bxf6 18. Ne4 dxe4 19. Bxc4 a5) 18. Ne4 (18. Nxd5 $1 $16 {[%mdl 512]} Qxd5 (18... Bxd5 19. Bxc4) 19. e4) 18... Nxb2 {[#]} 19. Nxf6+ $1 {[%mdl 512]} Bxf6 20. Qxb2 Qd6 21. Nc5 Rxc5 22. Qxb4 {[%mdl 64] Pin} Rc6 23. Qxb7 Rxc1 24. Rxc1 Qa3 25. Qb1 Qxa4 26. g3 a5 27. Rc7 Qa3 ({Black should try} 27... Qb4 $14) 28. Qd1 (28. Bh7+ $142 Kh8 29. Bc2) 28... Bg7 29. Ra7 Qc3 30. Kg2 Rc8 31. Qb1 {aiming for Bh7+.} Qb4 32. Bh7+ Kf8 33. Qd3 {Qa6 is the strong threat.} Qb6 34. Ra6 Qb4 35. Qd1 Rb8 36. Qf3 {Black must now prevent Rxe6.} Rb6 {[#]} 37. Bg6 $1 $40 {[%csl Gg6][%cal Rf3f7][%mdl 640] White attacks with force.} f6 $2 (37... f5 38. Qe2 Qb1 39. Ra8+ (39. Rxa5 Rb2 $18) 39... Ke7 40. Ra7+ (40. Rxa5 Rb7 $18) 40... Kf8) 38. Ra8+ (38. Qe2 $1 $18) 38... Rb8 $16 39. Ra7 {Hoping for Qg4.} Rb7 {[#]} 40. Ra6 $2 (40. Rxb7 $1 $16 Qxb7 41. Qd1) 40... Rb6 $1 $18 {[%cal Rb6a6] [#]} 41. Qe2 $1 {[%cal Re2c2]} Kg8 42. Ra7 Rb7 43. Qa6 Rxa7 44. Qxa7 {Threatens to win with Qf7+.} Kh8 (44... Qd6 $142 45. h4 f5 46. Bf7+ Kf8) 45. Qd7 e5 46. dxe5 fxe5 47. Qxd5 a4 48. Qd8+ Qf8 49. Qa5 a3 50. Be4 Bf6 51. Bd5 Bg7 (51... Kg7 $16 {might work better.} 52. Qc7+ Qe7) 52. Qa4 Qd6 (52... Bf6 $142 53. Qd7 Be7) 53. Qe8+ Qf8 54. Qe6 Bf6 55. h4 Bg7 (55... Kg7 $142 56. h5 Kh7) 56. Kh3 Bf6 57. Kg4 Bg7 $2 (57... Qg7+ 58. Kf5 Be7) 58. Kh5 (58. f4 $142 exf4 59. gxf4 (59. exf4 Bf6 $18)) 58... Bf6 59. Kg6 $2 (59. f4 exf4 60. gxf4) 59... Bg7 $2 (59... Qg7+ $18 60. Kf5 Be7) 60. e4 {White mates.} Qd8 61. Qf7 {[%csl Gg6][%cal Rf7g7]} Qf8 62. Qxf8+ Bxf8 {[%mdl 4096] Endgame KB-KB} 63. h5 Bg7 64. Kf7 Kh7 65. Bc4 Kh8 66. Bb3 Kh7 67. Ba2 Kh8 68. f3 Kh7 69. f4 exf4 70. gxf4 Bb2 71. e5 {Accuracy: White = 68%, Black = 45%.} 1-0

[Event "Champions Showdown Kings Rapid 2019-E"]
[Site "Saint Louis"]
[Date "2019.02.20"]
[Round "4.5"]
[White "Shankland, Samuel"]
[Black "Rapport, Richard"]
[Result "1/2-1/2"]
[WhiteElo "2731"]
[BlackElo "2735"]
[Annotator "TA"]
[PlyCount "156"]
[EventDate "2019.02.09"]
[EventType "match (rapid)"]
[EventCountry "USA"]
[SourceTitle "playchess.com"]
[Source "ChessBase"]
[SourceQuality "1"]

{[%evp 16,156,46,46,42,13,13,-31,0,0,2,-4,0,0,-8,0,0,-2,-5,-21,0,-42,-35,-40,-44,-45,-38,-51,-41,-50,-51,-47,-50,-59,-56,-76,-81,-86,-64,-107,-95,-119,-120,-118,-102,-119,-104,-95,-82,-82,-83,-92,-93,-83,-75,-88,-104,-136,-37,-183,-171,-207,-216,-198,-166,-327,-397,-371,-375,-408,-397,-413,-406,-392,-366,-466,-459,-459,-444,-462,-461,-446,-377,-332,0,0,0,0,0,0,-6,-6,0,0,0,0,0,0,0,0,0,0,0,0,0,0,0,0,0,0,0,0,0,0,0,0,0,0,0,0,0,0,0,0,0,0,0,0,0,0,0,0,0,0,0,0,0,0,0,0,0,0,0]} 1. e4 d6 2. d4 Nf6 3. Nc3 e5 4. Nf3 Nbd7 5. Bc4 Be7 6. a4 O-O 7. O-O c6 8. a5 h6 9. Re1 Re8 {C41: Philidor Defence} 10. d5 (10. h3 Bf8 11. d5 cxd5 12. Nxd5 Nxd5 13. Qxd5 Qe7 14. b3 Nc5 15. Qd2 Be6 16. Bd5 Rac8 17. Ba3 {1-0 (42) Gundavaa,B (2516)-Bologan,V (2672) Khanty-Mansiysk 2013}) 10... b5 11. Bb3 cxd5 {Black is slightly better.} (11... Nc5 {is more complex.} 12. dxc6 Nxb3 13. cxb3 Qc7 14. Qd3 a6) 12. Nxd5 Bb7 13. a6 $146 ({Predecessor:} 13. Nb4 a6 14. Bd5 Nxd5 15. exd5 Rc8 16. b3 Qc7 17. Bb2 {0-1 (29) Mrva,M (2471)-Stocek,J (2545) Slovakia 2003}) 13... Bxd5 14. Bxd5 Nxd5 15. Qxd5 Rb8 16. Be3 Qc7 17. Nd2 Rec8 18. Rec1 Nf6 {[%cal Bd7f6,Bf6g4,Bg4e3][%mdl 32]} 19. Qd3 Ng4 20. Nf1 Nxe3 21. Nxe3 Bg5 22. c3 Bxe3 23. Qxe3 Rb6 24. Qd3 Qc4 25. Rd1 Rcc6 26. g3 Rxa6 27. Rxa6 Rxa6 28. Kg2 Qxd3 29. Rxd3 $17 {[%mdl 4096] Endgame KR-KR} Kf8 30. Rd5 Rb6 $1 31. f4 exf4 32. gxf4 Ke7 33. Kf3 a6 {[%cal Ba7a6,Ba6a5,Ba5a4][%mdl 32]} 34. h4 Rc6 35. Rd1 a5 36. h5 Rc5 (36... a4 $1 $17 {White must now prevent ...a3!} 37. Rd3 g6 38. hxg6 fxg6) 37. Kg4 {[#]} (37. f5 $1 $15) 37... Ke6 $1 $19 38. Rd2 {[#]} a4 $1 39. Rd1 Rc4 40. Re1 $2 (40. Kf3) 40... b4 41. cxb4 Rxb4 42. Re2 f6 43. Kf3 f5 44. e5 Rb3+ 45. Kg2 dxe5 46. Rxe5+ Kf6 47. Ra5 Rxb2+ 48. Kg3 Rb3+ 49. Kh4 Rb1 $2 (49... Rb4 $19 50. Kg3 Ke6 51. Re5+ Kd6 52. Rxf5 Rb1) 50. Ra6+ $11 {The position is equal.} Kf7 51. Ra7+ Ke6 52. Rxa4 Rh1+ 53. Kg3 Rxh5 54. Ra6+ Kd5 55. Ra5+ Kd4 56. Ra4+ Kd3 57. Ra3+ Kc4 58. Ra4+ Kb5 59. Ra1 g6 60. Rc1 Kb6 61. Ra1 g5 62. fxg5 hxg5 {Strongly threatening ...Rh8.} 63. Rf1 g4 64. Kf4 Kc5 65. Rd1 Kc4 66. Rd8 Kc3 67. Rd7 Kc2 68. Rd8 Rh7 {...Rg7 is the strong threat.} 69. Kxf5 Rg7 70. Kf6 g3 71. Kxg7 {Threatening mate with Kf6. KR-KP} g2 72. Rc8+ Kd2 (72... Kd1 $5 73. Rd8+ $8 Ke2 74. Re8+ Kf2 75. Rf8+ Kg3 $11) 73. Rd8+ Ke2 (73... Kc2 $5 74. Rc8+ $8 Kd2 75. Rd8+ Ke2 76. Re8+ Kf2 77. Rf8+ Ke2 78. Re8+ Kf1 79. Rf8+ Ke2 80. Re8+ $11) 74. Re8+ Kf2 75. Rf8+ $1 Kg3 76. Rf6 g1=Q 77. Rg6+ Kf2 78. Rxg1 Kxg1 {Accuracy: White = 55%, Black = 76%.} 1/2-1/2

[Event "Champions Showdown Kings Rapid 2019-E"]
[Site "Saint Louis"]
[Date "2019.02.21"]
[Round "5.5"]
[White "Rapport, Richard"]
[Black "Shankland, Samuel"]
[Result "1/2-1/2"]
[WhiteElo "2735"]
[BlackElo "2731"]
[Annotator "ChessBase"]
[PlyCount "146"]
[EventDate "2019.02.09"]
[EventType "match (rapid)"]
[EventCountry "USA"]
[SourceTitle "playchess.com"]
[Source "ChessBase"]
[SourceQuality "1"]
[TimeControl "900+10"]

1. d4 {[%emt 0:00:00]} Nf6 {[%emt 0:00:00]} 2. Nf3 {[%emt 0:00:00]} d5 {[%emt 0:00:00]} 3. c3 {[%emt 0:00:00]} e6 {[%emt 0:00:26]} 4. Bg5 {[%emt 0:00:00]} Be7 {[%emt 0:00:13]} 5. e3 {[%emt 0:00:03]} h6 {[%emt 0:00:06]} 6. Bf4 {[%emt 0:00:28]} Nbd7 {[%emt 0:00:21]} 7. Nbd2 {[%emt 0:00:13]} c5 {[%emt 0:01:01]} 8. h3 {[%emt 0:00:18]} b6 {[%emt 0:01:15]} 9. Bd3 {[%emt 0:00:08]} Bb7 {[%emt 0:00:03]} 10. Qb1 {[%emt 0:00:10]} Qc8 {[%emt 0:01:19]} 11. O-O {[%emt 0:02:03]} Ba6 {[%emt 0:00:22]} 12. a4 {[%emt 0:00:50]} O-O {[%emt 0:00:31]} 13. Bxa6 {[%emt 0:02:35]} Qxa6 {[%emt 0:00:01]} 14. b4 {[%emt 0:00:01]} cxb4 {[%emt 0:00:28]} 15. cxb4 {[%emt 0:00:02]} Rfc8 {[%emt 0:00:09]} 16. b5 {[%emt 0:00:21]} Qb7 {[%emt 0:00:17]} 17. Qb3 {[%emt 0:00:36]} a5 {[%emt 0:02:25]} 18. Rac1 {[%emt 0:01:41]} Bb4 {[%emt 0:00:21]} 19. Qb2 {[%emt 0:00:32]} Ne4 {[%emt 0:01:52]} 20. Nxe4 {[%emt 0:00:07]} dxe4 {[%emt 0:00:02]} 21. Ne5 {[%emt 0:00:15]} Nxe5 {[%emt 0:00:01]} 22. Bxe5 {[%emt 0:00:04]} f6 {[%emt 0:01:28]} 23. Bg3 {[%emt 0:00:09]} Kf7 {[%emt 0:00:27]} 24. Qe2 {[%emt 0:00:26]} g6 {[%emt 0:00:33]} 25. Qa2 {[%emt 0:01:06]} Ke7 {[%emt 0:00:26]} 26. Bf4 {[%emt 0:01:35]} g5 {[%emt 0:00:20]} 27. Bg3 {[%emt 0:00:04]} Bd6 {[%emt 0:01:54]} 28. Bxd6+ {[%emt 0:01:31]} Kxd6 {[%emt 0:00:01]} 29. d5 {[%emt 0:00:57]} exd5 {[%emt 0:00:11]} 30. Rcd1 {[%emt 0:00:00]} Rc5 {[%emt 0:00:28]} 31. f3 {[%emt 0:00:09]} exf3 {[%emt 0:01:15]} 32. Rxf3 {[%emt 0:00:02]} Qe7 {[%emt 0:00:02]} 33. e4 {[%emt 0:00:14]} Rd8 {[%emt 0:01:05]} 34. Qf2 {[%emt 0:00:52]} Qxe4 {[%emt 0:00:27]} 35. Rxf6+ {[%emt 0:00:03]} Kc7 {[%emt 0:00:01]} 36. Re1 {[%emt 0:00:27]} Qc2 {[%emt 0:00:49]} 37. Rf7+ Kc8 38. Qf6 {[%emt 0:00:40]} Rc7 {[%emt 0:00:05]} 39. Rxc7+ {[%emt 0:02:07]} Qxc7 {[%emt 0:00:01]} 40. Re6 {[%emt 0:00:03]} Qc1+ {[%emt 0:00:03]} 41. Kf2 {[%emt 0:00:08]} Qc5+ {[%emt 0:00:41]} 42. Kg3 {[%emt 0:00:21]} Qc7+ {[%emt 0:00:00]} 43. Kg4 {[%emt 0:00:14]} Kb7 {[%emt 0:00:01]} 44. Rc6 {[%emt 0:00:05]} Qf4+ {[%emt 0:00:04]} 45. Qxf4 {[%emt 0:00:02]} gxf4 {[%emt 0:00:01]} 46. Rxh6 {[%emt 0:00:35]} d4 {[%emt 0:00:00]} 47. Rh7+ {[%emt 0:00:09]} Kc8 {[%emt 0:00:08]} 48. Re7 {[%emt 0:00:05]} d3 {[%emt 0:00:19]} 49. Re1 {[%emt 0:00:01]} d2 50. Rd1 Rd4 {[%emt 0:00:04]} 51. h4 {[%emt 0:00:27]} Kd7 {[%emt 0:00:04]} 52. Kf5 {[%emt 0:00:05]} Ke7 {[%emt 0:00:11]} 53. h5 {[%emt 0:00:05]} Kf7 {[%emt 0:00:10]} 54. h6 {[%emt 0:00:03]} Kg8 {[%emt 0:00:32]} 55. Ke5 {[%emt 0:00:01]} Rxa4 {[%emt 0:00:15]} 56. Rxd2 {[%emt 0:00:01]} Rb4 {[%emt 0:00:00]} 57. Rd5 {[%emt 0:00:26]} Kh7 {[%emt 0:00:05]} 58. Rd7+ {[%emt 0:00:30]} Kxh6 {[%emt 0:00:23]} 59. Rd6+ {[%emt 0:00:01]} Kg5 {[%emt 0:00:01]} 60. Rxb6 {[%emt 0:00:01]} a4 {[%emt 0:00:04]} 61. Rb8 {[%emt 0:00:10]} a3 {[%emt 0:00:09]} 62. Rg8+ {[%emt 0:00:04]} Kh4 {[%emt 0:00:07]} 63. Ra8 {[%emt 0:00:04]} Kg3 {[%emt 0:00:26]} 64. b6 {[%emt 0:00:34]} Kxg2 {[%emt 0:00:18]} 65. b7 {[%emt 0:00:00]} f3 {[%emt 0:00:20]} 66. Rg8+ {[%emt 0:00:13]} Kh3 {[%emt 0:00:25]} 67. Rh8+ {[%emt 0:00:09]} Kg3 {[%emt 0:00:03]} 68. Rg8+ {[%emt 0:00:01]} Kh2 {[%emt 0:00:18]} 69. Rh8+ {[%emt 0:00:11]} Kg2 {[%emt 0:00:02]} 70. Rg8+ {[%emt 0:00:00]} Kh3 {[%emt 0:00:02]} 71. Rh8+ {[%emt 0:00:01]} Kg3 {[%emt 0:00:13]} 72. Rg8+ {[%emt 0:00:02]} Kh4 {[%emt 0:00:14]} 73. Rh8+ {[%emt 0:00:15]} Kg3 {[%emt 0:00:14]} 1/2-1/2

[Event "Champions Showdown Kings Rapid 2019-E"]
[Site "Saint Louis"]
[Date "2019.02.21"]
[Round "6.5"]
[White "Shankland, Samuel"]
[Black "Rapport, Richard"]
[Result "1/2-1/2"]
[WhiteElo "2731"]
[BlackElo "2735"]
[Annotator "ChessBase"]
[PlyCount "89"]
[EventDate "2019.02.09"]
[EventType "match (rapid)"]
[EventCountry "USA"]
[SourceTitle "playchess.com"]
[Source "ChessBase"]
[SourceQuality "1"]
[TimeControl "900+10"]

1. e4 {[%emt 0:00:00]} Nf6 {[%emt 0:00:14]} 2. e5 {[%emt 0:00:00]} Nd5 {[%emt 0:00:02]} 3. d4 {[%emt 0:00:00]} d6 {[%emt 0:00:01]} 4. exd6 {[%emt 0:00:12]} exd6 {[%emt 0:00:02]} 5. c4 {[%emt 0:00:09]} Nf6 {[%emt 0:00:05]} 6. Nf3 {[%emt 0:00:11]} Be7 {[%emt 0:00:02]} 7. Nc3 {[%emt 0:00:19]} O-O {[%emt 0:00:03]} 8. d5 {[%emt 0:00:21]} Bg4 {[%emt 0:00:40]} 9. Be2 {[%emt 0:00:02]} Nfd7 {[%emt 0:00:07]} 10. O-O {[%emt 0:00:08]} Na6 {[%emt 0:00:03]} 11. Be3 {[%emt 0:00:41]} Re8 {[%emt 0:00:08]} 12. Qd2 {[%emt 0:00:37]} Bf6 {[%emt 0:00:20]} 13. Rae1 {[%emt 0:00:41]} Nac5 {[%emt 0:00:14]} 14. b3 {[%emt 0:00:43]} a5 {[%emt 0:00:15]} 15. Nd4 {[%emt 0:00:41]} Bxe2 {[%emt 0:00:20]} 16. Rxe2 {[%emt 0:00:01]} Ne5 {[%emt 0:00:40]} 17. Ndb5 {[%emt 0:00:30]} Ned7 {[%emt 0:02:42]} 18. Rfe1 {[%emt 0:00:43]} Ne4 {[%emt 0:01:10]} 19. Nxe4 {[%emt 0:00:02]} Rxe4 {[%emt 0:00:01]} 20. f3 {[%emt 0:01:41]} Re8 {[%emt 0:00:17]} 21. Bf2 {[%emt 0:00:14]} Rxe2 {[%emt 0:00:08]} 22. Qxe2 {[%emt 0:00:02]} Ne5 {[%emt 0:00:37]} 23. f4 {[%emt 0:00:13]} Ng6 {[%emt 0:00:17]} 24. g3 {[%emt 0:00:01]} c6 {[%emt 0:00:35]} 25. dxc6 {[%emt 0:00:17]} bxc6 {[%emt 0:00:01]} 26. Nd4 {[%emt 0:00:02]} Qd7 {[%emt 0:00:14]} 27. Qd3 {[%emt 0:00:35]} Ne7 {[%emt 0:02:29]} 28. Nf3 {[%emt 0:00:35]} d5 {[%emt 0:00:09]} 29. Bc5 {[%emt 0:00:49]} h6 {[%emt 0:00:03]} 30. Kg2 {[%emt 0:00:21]} Qf5 {[%emt 0:00:30]} 31. Qxf5 {[%emt 0:00:45]} Nxf5 {[%emt 0:00:01]} 32. cxd5 {[%emt 0:00:16]} cxd5 {[%emt 0:00:01]} 33. Rd1 {[%emt 0:00:29]} d4 {[%emt 0:00:30]} 34. Rd2 {[%emt 0:00:29]} Rd8 {[%emt 0:00:24]} 35. g4 {[%emt 0:01:32]} Ne3+ {[%emt 0:00:03]} 36. Kh3 {[%emt 0:00:01]} Nd5 {[%emt 0:00:24]} 37. Bxd4 {[%emt 0:00:54]} Nxf4+ {[%emt 0:00:05]} 38. Kg3 {[%emt 0:00:01]} Ne2+ {[%emt 0:00:29]} 39. Rxe2 {[%emt 0:00:01]} Bxd4 {[%emt 0:00:00]} 40. Nxd4 {[%emt 0:00:45]} Rxd4 {[%emt 0:00:03]} 41. Re8+ {[%emt 0:00:06]} Kh7 {[%emt 0:00:01]} 42. Ra8 {[%emt 0:00:02]} Rd5 {[%emt 0:00:07]} 43. Kf4 {[%emt 0:00:08]} h5 {[%emt 0:00:10]} 44. h3 {[%emt 0:01:44]} f6 {[%emt 0:00:13]} 45. Ra7 {[%emt 0:00:29]} 1/2-1/2